000 01466nam a22001457a 4500
999 _c525492
_d525492
008 240306b ||||| |||| 00| 0 eng d
100 _aRoy, Rana Navneet and Kumar, Prashant
_950271
245 _aPolicy of mental healthcare in Indian prisons: An analysis with socio-medical reform approach
260 _aBihar Journal of Public Administration
300 _a20(2), Jul-Dec, 2023: p.413-421
520 _aMental healthcare in Indian prisons is a pressing concern, as incarcerated individuals commonly suffer from mental health disorders that hinder their well-being and rehabilitation prospects. Considering mental healthcare as a fundamental human right, it becomes an ethical obligation to ensure that incarcerated individuals receive appropriate treatment and support. Thus, it becomes an urgent imperative to examine the roles of healthcare providers, policy makers, implementing agencies and the concerned legal framework. As such, the objective of the present paper is to state of mental healthcare, identify the challenges faced in implementation of the mental health care policy for prisoners and its remedies in the policy process. It further goes to trace the possible effects of the policy reforms and suggesting measures for achieving more rehabilitative prison environment for the benefit of society.- Reproduced http://www.iipabiharbranch.org/
773 _aBihar Journal of Public Administration
906 _aMENTAL HEALTH
942 _cAR